00318nam a2200109Ia 4500003000400000008004100004040001600045082001500061245006800076260005300144300001100197GCL140319s9999 xx 000 0 eng d aGCL / cGCL04a621.42bOT10aThermodynanamics And gas Dynamics of The stirling cycle Machine a[S.N] : bMacmillan Publishing Company ، c1992 a415 PP